01155nam a2200241 a 450000100100000000500170001000800410002702000150006804000250008308200150010824501750012326000960029830000170039449000820041150000740049350400310056770000370059870000360063570000220067183000900069395201130078399900170089600004189420201002035821.0131021s1992 sp 000 0 spa d a8476583397 aDO-SdBNPbspacBNPHU axxxbT763a00aLa Tradición analítica :bmateriales para una filosofía de la religión ll /cJosé Gómez Caffarena, José María Mardones (coords.) ; A. Andreu ... [et al.]. aMadrid :bConsejo Superior de Investigaciones Científicas ; Barcelona : Anthropos,c1992. av. ;c21 cm.1 aPensamiento crítico/pensamiento utópicoafilosofía de la religiónv66 aIncluye referencias bibliográficas y notas al pie de las páginas. aBibliografía: p. 235-24712aGómez Caffarena, José96799812aMardones, José María96799912aAndreu, A.968781 0aPensamiento crítico/pensamiento utópicon66pfilosofía de la religión.968782 001050718MOaGRbGRcCTd2013-10-21iLF1l0oxxx T763ap41894-10r2020-06-25w2020-06-25y1ZNo se presta c41383d41383